|
|
|
|
| LEADER |
00000cam a22000004a 4500 |
| 001 |
musev2_2465 |
| 003 |
MdBmJHUP |
| 005 |
20230905040328.0 |
| 006 |
m o d |
| 007 |
cr||||||||nn|n |
| 008 |
100920s2011 wiu o 00 0 eng d |
| 010 |
|
|
|z 2010038911
|
| 020 |
|
|
|a 9780299282196
|
| 020 |
|
|
|z 9780299282141
|
| 035 |
|
|
|a (OCoLC)798318109
|
| 040 |
|
|
|a MdBmJHUP
|c MdBmJHUP
|
| 043 |
|
|
|a n-us---
|a a-iq---
|
| 050 |
0 |
4 |
|a HQ75.8.L46
|b A3 2011
|
| 082 |
0 |
|
|a 956.7044/342092
|a B
|2 22
|
| 100 |
1 |
|
|a Lemer, Bronson.
|
| 245 |
1 |
4 |
|a The Last Deployment :
|b How a Gay, Hammer-Swinging Twentysomething Survived a Year in Iraq /
|c Bronson Lemer.
|
| 264 |
|
1 |
|a Madison, Wis. :
|b The University of Wisconsin Press,
|c 2011.
|
| 264 |
|
3 |
|a Baltimore, Md. :
|b Project MUSE,
|c 2012
|
| 264 |
|
4 |
|c ©2011.
|
| 300 |
|
|
|a 1 online resource (235 pages).
|
| 336 |
|
|
|a text
|b txt
|2 rdacontent
|
| 337 |
|
|
|a computer
|b c
|2 rdamedia
|
| 338 |
|
|
|a online resource
|b cr
|2 rdacarrier
|
| 490 |
0 |
|
|a Living out : gay and lesbian autobiographies
|
| 506 |
0 |
|
|a Open Access
|f Unrestricted online access
|2 star
|
| 588 |
|
|
|a Description based on print version record.
|
| 600 |
1 |
0 |
|a Lemer, Bronson.
|
| 650 |
|
0 |
|a Iraq War, 2003-
|v Personal narratives, American.
|
| 650 |
|
0 |
|a Soldiers
|z United States
|v Biography.
|
| 650 |
|
0 |
|a Gay military personnel
|z United States
|v Biography.
|
| 650 |
|
0 |
|a Gay men
|z United States
|v Biography.
|
| 655 |
|
7 |
|a Electronic books.
|2 local
|
| 710 |
2 |
|
|a Project Muse.
|e distributor
|
| 830 |
|
0 |
|a Living out.
|
| 830 |
|
0 |
|a Book collections on Project MUSE.
|
| 856 |
4 |
0 |
|z Texto completo
|u https://projectmuse.uam.elogim.com/book/2465/
|
| 945 |
|
|
|a Project MUSE - 2011 Complete
|
| 945 |
|
|
|a Project MUSE - 2011 Poetry, Fiction and Creative Non-Fiction
|